The Lord of the Rings: The Return of the King Trivia (Difficult) - Statistics

General Stats
  • This quiz has been taken 398 times
    370 since last reset
  • The average score is 13 of 20
Answer Stats
Question Answer % Correct
What is the name of Smeagol's friend who Smeagol kills after becoming entranced by the One Ring? Deagol
93%
How many Oscars did 'The Return of the King' win at the 2004 Oscars? 11
86%
Who kills Saruman? Grima Wormtongue
84%
What does the Orc army initially catapult into the city of Minas Tirith? Gondorian Soldiers' Heads
82%
What powerful Seeing-stone does Pippin become obsessed with after seeing it in Saruman's possession at Orthanc tower? Palantír
82%
In Legolas' awesome scene with the Mumakil, how many arrows does he fire into its head to take it down? 3
81%
What title does Denethor hold in Gondor? Steward of Gondor
79%
Who is given the title 'Esquire of Rohan' by King Theoden prior to the commencement of the Battle of the Pelennor Fields? Merry
76%
Which actor plays the role of Aragorn? Viggo Mortensen
71%
Finish this quote from Sam. 'I can't carry it for you'... But I can carry you!
68%
Finish this quote from Aragorn. 'The beacons are lit!'... Gondor calls for aid!
64%
Which famous composer wrote the musical score for the LOTR trilogy? Howard Shore
60%
What is the name of the 100 foot battering ram (in the shape of a wolf's head) used to break down the gates of Minas Tirith? Grond
58%
What was the Witch-King's weapon of choice in his battle against Eowyn? Mace
52%
What is the name of the horse in Aragorn's possession that flees upon reaching the entrance to the Path of the Dead? Brego
51%
Who was the second-in-command (behind the Witch-King of Angmar) of the Morgul army that marched on Osgiliath and Minas Tirith? Gothmog
48%
Finish this quote from Legolas. 'The way is shut. It was made by those who are dead. And the dead keep it'... The way is shut
45%
What is the name of the passage that Frodo, Sam and Gollum take to reach Shelob's Lair? The Secret Stairs
36%
How long did the destruction of the Ring take (from the day Frodo set out from the Shire, to the day he returns)? 13 months
20%
Which of Frodo's fingers does Gollum bite off in Mount Doom? Left index finger
15%
No matching quizzes found
Score Distribution
Percent of People with Each Score
Percentile by Number Answered
Your Score History
You have not taken this quiz since the last reset